000 00475nam a2200181Ia 4500
005 20250508163955.0
008 008 250505s9999 xx 000 0 hin d
037 _aTextual
040 _aFEDL
_beng
_cFEDL
041 _ahin
_2hin
084 _a374, MAN
_qFEDL
100 _aMangal S K
245 0 _aAdult ave stat shiksha
260 _aNew Delhi, India
_bArya Book Depot
_c1995
300 _a194p.
942 _cTEXL
_h374, MAN
999 _c1386373
_d1386373